000 01412nam a2200337Ia 4500
001 ebr10255781
003 CaPaEBR
006 m u
007 cr cn|||||||||
008 040516s2003 si a sb 001 0 eng d
020 _z9789812383372
020 _z9812383379
040 _aCaPaEBR
_cCaPaEBR
035 _a(OCoLC)646768727
050 1 4 _aTA355
_b.M63 2003eb
100 1 _aMoheimani, S. O. Reza,
_d1967-
245 1 0 _aSpatial control of vibration
_h[electronic resource] :
_btheory and experiments /
_cS.O. Reza Moheimani, Dunant Halim, Andrew J. Fleming.
260 _aSingapore :
_bWorld Scientific,
_cc2003.
300 _axii, 223 p. :
_bill.
490 1 _aSeries on stability, vibration, and control of systems. Series A ;
_vv. 10
504 _aIncludes bibliographical references (p. 211-217) and index.
533 _aElectronic reproduction.
_bPalo Alto, Calif. :
_cebrary,
_d2011.
_nAvailable via World Wide Web.
_nAccess may be limited to ebrary affiliated libraries.
650 0 _aSpatial systems.
650 0 _aVibration.
655 7 _aElectronic books.
_2local
700 1 _aFleming, Andrew J.
700 1 _aHalim, Dunant.
710 2 _aebrary, Inc.
830 0 _aSeries on stability, vibration, and control of systems.
_nSeries A ;
_vv. 10.
856 4 0 _uhttp://site.ebrary.com/lib/rucke/Doc?id=10255781
_zAn electronic book accessible through the World Wide Web; click to view
999 _c15005
_d15005